<?xml version="1.0" encoding="UTF-8"?>
<record
    xmlns:xsi="http://www.w3.org/2001/XMLSchema-instance"
    xsi:schemaLocation="http://www.loc.gov/MARC21/slim http://www.loc.gov/standards/marcxml/schema/MARC21slim.xsd"
    xmlns="http://www.loc.gov/MARC21/slim">

  <leader>     nam a22     7a 4500</leader>
  <datafield tag="999" ind1=" " ind2=" ">
    <subfield code="c">44250</subfield>
    <subfield code="d">44250</subfield>
  </datafield>
  <controlfield tag="003">OSt</controlfield>
  <controlfield tag="005">20180811084553.0</controlfield>
  <controlfield tag="008">180811b        xxu||||| |||| 00| 0 eng d</controlfield>
  <datafield tag="040" ind1=" " ind2=" ">
    <subfield code="c">IIMT UNIVERSITY</subfield>
  </datafield>
  <datafield tag="100" ind1=" " ind2=" ">
    <subfield code="a">SUNDER S</subfield>
  </datafield>
  <datafield tag="245" ind1=" " ind2=" ">
    <subfield code="a">TEXTBOOK OF REHABILITATION</subfield>
  </datafield>
  <datafield tag="250" ind1=" " ind2=" ">
    <subfield code="a">3RD</subfield>
  </datafield>
  <datafield tag="260" ind1=" " ind2=" ">
    <subfield code="a">NEW DELHI</subfield>
    <subfield code="b">JAYPEE BROTHERS</subfield>
    <subfield code="c">2010</subfield>
  </datafield>
  <datafield tag="300" ind1=" " ind2=" ">
    <subfield code="a">540</subfield>
  </datafield>
  <datafield tag="942" ind1=" " ind2=" ">
    <subfield code="2">ddc</subfield>
    <subfield code="c">02</subfield>
  </datafield>
  <datafield tag="952" ind1=" " ind2=" ">
    <subfield code="0">0</subfield>
    <subfield code="1">0</subfield>
    <subfield code="2">ddc</subfield>
    <subfield code="4">0</subfield>
    <subfield code="7">0</subfield>
    <subfield code="a">01</subfield>
    <subfield code="b">01</subfield>
    <subfield code="d">2018-08-11</subfield>
    <subfield code="e">JAYPEE</subfield>
    <subfield code="g">625.00</subfield>
    <subfield code="i">1800212</subfield>
    <subfield code="l">3</subfield>
    <subfield code="m">1</subfield>
    <subfield code="o">617.3062</subfield>
    <subfield code="p">01-B-126629</subfield>
    <subfield code="r">2021-07-27</subfield>
    <subfield code="s">2020-10-27</subfield>
    <subfield code="w">2018-08-11</subfield>
    <subfield code="y">02</subfield>
  </datafield>
  <datafield tag="952" ind1=" " ind2=" ">
    <subfield code="0">0</subfield>
    <subfield code="1">0</subfield>
    <subfield code="2">ddc</subfield>
    <subfield code="4">0</subfield>
    <subfield code="7">0</subfield>
    <subfield code="a">01</subfield>
    <subfield code="b">01</subfield>
    <subfield code="d">2018-08-11</subfield>
    <subfield code="e">JAYPEE</subfield>
    <subfield code="g">625.00</subfield>
    <subfield code="i">1800212</subfield>
    <subfield code="l">2</subfield>
    <subfield code="o">617.3062</subfield>
    <subfield code="p">01-B-126630</subfield>
    <subfield code="r">2021-07-30</subfield>
    <subfield code="s">2020-10-15</subfield>
    <subfield code="w">2018-08-11</subfield>
    <subfield code="y">02</subfield>
  </datafield>
  <datafield tag="952" ind1=" " ind2=" ">
    <subfield code="0">0</subfield>
    <subfield code="1">0</subfield>
    <subfield code="2">ddc</subfield>
    <subfield code="4">0</subfield>
    <subfield code="7">0</subfield>
    <subfield code="a">01</subfield>
    <subfield code="b">01</subfield>
    <subfield code="d">2018-08-11</subfield>
    <subfield code="e">JAYPEE</subfield>
    <subfield code="g">625.00</subfield>
    <subfield code="i">1800212</subfield>
    <subfield code="l">2</subfield>
    <subfield code="m">1</subfield>
    <subfield code="o">617.3062</subfield>
    <subfield code="p">01-B-126631</subfield>
    <subfield code="r">2023-07-07</subfield>
    <subfield code="s">2022-11-28</subfield>
    <subfield code="w">2018-08-11</subfield>
    <subfield code="y">02</subfield>
  </datafield>
  <datafield tag="952" ind1=" " ind2=" ">
    <subfield code="0">0</subfield>
    <subfield code="1">0</subfield>
    <subfield code="2">ddc</subfield>
    <subfield code="4">0</subfield>
    <subfield code="7">0</subfield>
    <subfield code="a">01</subfield>
    <subfield code="b">01</subfield>
    <subfield code="d">2018-08-11</subfield>
    <subfield code="e">JAYPEE</subfield>
    <subfield code="g">625.00</subfield>
    <subfield code="i">1800212</subfield>
    <subfield code="l">3</subfield>
    <subfield code="m">1</subfield>
    <subfield code="o">617.3062</subfield>
    <subfield code="p">01-B-126632</subfield>
    <subfield code="r">2021-08-05</subfield>
    <subfield code="s">2021-02-08</subfield>
    <subfield code="w">2018-08-11</subfield>
    <subfield code="y">02</subfield>
  </datafield>
  <datafield tag="952" ind1=" " ind2=" ">
    <subfield code="0">0</subfield>
    <subfield code="1">0</subfield>
    <subfield code="2">ddc</subfield>
    <subfield code="4">0</subfield>
    <subfield code="7">0</subfield>
    <subfield code="a">01</subfield>
    <subfield code="b">01</subfield>
    <subfield code="d">2018-08-11</subfield>
    <subfield code="e">JAYPEE</subfield>
    <subfield code="g">625.00</subfield>
    <subfield code="i">1800212</subfield>
    <subfield code="l">5</subfield>
    <subfield code="o">617.3062</subfield>
    <subfield code="p">01-B-126633</subfield>
    <subfield code="r">2021-07-24</subfield>
    <subfield code="s">2021-02-11</subfield>
    <subfield code="w">2018-08-11</subfield>
    <subfield code="y">02</subfield>
  </datafield>
  <datafield tag="952" ind1=" " ind2=" ">
    <subfield code="0">0</subfield>
    <subfield code="1">0</subfield>
    <subfield code="2">ddc</subfield>
    <subfield code="4">0</subfield>
    <subfield code="7">0</subfield>
    <subfield code="a">01</subfield>
    <subfield code="b">01</subfield>
    <subfield code="d">2018-08-11</subfield>
    <subfield code="e">JAYPEE</subfield>
    <subfield code="g">625.00</subfield>
    <subfield code="i">1800212</subfield>
    <subfield code="l">3</subfield>
    <subfield code="m">1</subfield>
    <subfield code="o">617.3062</subfield>
    <subfield code="p">01-B-126634</subfield>
    <subfield code="r">2021-08-05</subfield>
    <subfield code="s">2020-10-12</subfield>
    <subfield code="w">2018-08-11</subfield>
    <subfield code="y">02</subfield>
  </datafield>
  <datafield tag="952" ind1=" " ind2=" ">
    <subfield code="0">0</subfield>
    <subfield code="1">0</subfield>
    <subfield code="2">ddc</subfield>
    <subfield code="4">0</subfield>
    <subfield code="7">0</subfield>
    <subfield code="a">01</subfield>
    <subfield code="b">01</subfield>
    <subfield code="d">2018-08-11</subfield>
    <subfield code="e">JAYPEE</subfield>
    <subfield code="g">625.00</subfield>
    <subfield code="i">1800212</subfield>
    <subfield code="l">3</subfield>
    <subfield code="o">617.3062</subfield>
    <subfield code="p">01-B-126635</subfield>
    <subfield code="r">2021-07-23</subfield>
    <subfield code="s">2020-10-23</subfield>
    <subfield code="w">2018-08-11</subfield>
    <subfield code="y">02</subfield>
  </datafield>
  <datafield tag="952" ind1=" " ind2=" ">
    <subfield code="0">0</subfield>
    <subfield code="1">0</subfield>
    <subfield code="2">ddc</subfield>
    <subfield code="4">0</subfield>
    <subfield code="7">0</subfield>
    <subfield code="a">01</subfield>
    <subfield code="b">01</subfield>
    <subfield code="d">2018-08-11</subfield>
    <subfield code="e">JAYPEE</subfield>
    <subfield code="g">625.00</subfield>
    <subfield code="i">1800212</subfield>
    <subfield code="l">3</subfield>
    <subfield code="o">617.3062</subfield>
    <subfield code="p">01-B-126636</subfield>
    <subfield code="r">2021-07-29</subfield>
    <subfield code="s">2020-10-14</subfield>
    <subfield code="w">2018-08-11</subfield>
    <subfield code="y">02</subfield>
  </datafield>
  <datafield tag="952" ind1=" " ind2=" ">
    <subfield code="0">0</subfield>
    <subfield code="1">0</subfield>
    <subfield code="2">ddc</subfield>
    <subfield code="4">0</subfield>
    <subfield code="7">0</subfield>
    <subfield code="a">01</subfield>
    <subfield code="b">01</subfield>
    <subfield code="d">2018-08-11</subfield>
    <subfield code="e">JAYPEE</subfield>
    <subfield code="g">625.00</subfield>
    <subfield code="i">1800212</subfield>
    <subfield code="l">3</subfield>
    <subfield code="m">1</subfield>
    <subfield code="o">617.3062</subfield>
    <subfield code="p">01-B-126637</subfield>
    <subfield code="r">2021-07-30</subfield>
    <subfield code="s">2020-10-22</subfield>
    <subfield code="w">2018-08-11</subfield>
    <subfield code="y">02</subfield>
  </datafield>
  <datafield tag="952" ind1=" " ind2=" ">
    <subfield code="0">0</subfield>
    <subfield code="1">0</subfield>
    <subfield code="2">ddc</subfield>
    <subfield code="4">0</subfield>
    <subfield code="7">0</subfield>
    <subfield code="a">01</subfield>
    <subfield code="b">01</subfield>
    <subfield code="d">2018-08-11</subfield>
    <subfield code="e">JAYPEE</subfield>
    <subfield code="g">625.00</subfield>
    <subfield code="i">1800212</subfield>
    <subfield code="l">4</subfield>
    <subfield code="o">617.3062</subfield>
    <subfield code="p">01-B-126638</subfield>
    <subfield code="r">2022-02-14</subfield>
    <subfield code="s">2022-02-07</subfield>
    <subfield code="w">2018-08-11</subfield>
    <subfield code="y">02</subfield>
  </datafield>
  <datafield tag="952" ind1=" " ind2=" ">
    <subfield code="0">0</subfield>
    <subfield code="1">0</subfield>
    <subfield code="2">ddc</subfield>
    <subfield code="4">0</subfield>
    <subfield code="7">0</subfield>
    <subfield code="a">01</subfield>
    <subfield code="b">01</subfield>
    <subfield code="d">2018-08-11</subfield>
    <subfield code="e">JAYPEE</subfield>
    <subfield code="g">625.00</subfield>
    <subfield code="i">1800212</subfield>
    <subfield code="l">3</subfield>
    <subfield code="m">1</subfield>
    <subfield code="o">617.3062</subfield>
    <subfield code="p">01-B-126639</subfield>
    <subfield code="r">2022-08-02</subfield>
    <subfield code="s">2022-02-07</subfield>
    <subfield code="w">2018-08-11</subfield>
    <subfield code="y">02</subfield>
  </datafield>
  <datafield tag="952" ind1=" " ind2=" ">
    <subfield code="0">0</subfield>
    <subfield code="1">0</subfield>
    <subfield code="2">ddc</subfield>
    <subfield code="4">0</subfield>
    <subfield code="7">0</subfield>
    <subfield code="a">01</subfield>
    <subfield code="b">01</subfield>
    <subfield code="d">2018-08-11</subfield>
    <subfield code="e">JAYPEE</subfield>
    <subfield code="g">625.00</subfield>
    <subfield code="i">1800212</subfield>
    <subfield code="l">2</subfield>
    <subfield code="o">617.3062</subfield>
    <subfield code="p">01-B-126640</subfield>
    <subfield code="r">2021-07-26</subfield>
    <subfield code="s">2020-12-15</subfield>
    <subfield code="w">2018-08-11</subfield>
    <subfield code="y">02</subfield>
  </datafield>
</record>
